Pokémon de Légendes Pokémon : Z-A - Mort Subite - Statistiques

Statistiques générales
  • Ce quiz a été pris 51 fois
  • Le résultat moyen est 8 sur 20
Answers on the Grid
Answers color-coded by a green-red scale on the quiz's grid according to % correct below.
Aspicot
Rosélia
Nanméouïe
Draïeul
Hexadron
Scobolide
Métang
Feunnec
Chétiflor
Staross
Mélancolux
Exagide
Mackogneur
Séracrawl
Amagara
Ohmassacre
Mélo
Steelix
Migalos
Limonde de Galar
Feunard
Chenipan
Rapasdepic
Rattata
Héricendre
Gobou
Tutankafer
Katagami
Lokhlass
Éoko
Qulbutoké
Racaillou
Nosferapti
Hoopa
Mew
Sinistrail
 
Statistiques - réponses
Réponse % Correct
Draïeul
58%
Chétiflor
46%
Hexadron
46%
Mackogneur
46%
Mélo
42%
Migalos
42%
Ohmassacre
42%
Rosélia
42%
Séracrawl
42%
Aspicot
38%
Exagide
38%
Feunnec
38%
Mélancolux
38%
Métang
38%
Nanméouïe
38%
Scobolide
38%
Staross
38%
Amagara
35%
Steelix
31%
Limonde de Galar
23%
Aucun quiz correspondant
Distribution des résultats
% des personnes avec chaque résultat
Percentile par nombre de réponses
Votre historique - résultats
Vous n’avez pas pris ce quiz